Decydowanie w zarzadzaniu problemy, metody, techniki

Gespeichert in:
Bibliographische Detailangaben
1. Verfasser: Supernat, Jerzy
Format: Buch
Sprache:Polnisch
Veröffentlicht: Wroclaw Kolonia Limited 1997
Schlagworte:
Tags: Tag hinzufügen
Keine Tags, Fügen Sie das erste Tag hinzu!

MARC

LEADER 00000nam a2200000 4500
001 c117439
005 20221221081946.7
020 |a 83903958-6-X 
041 0 |a pol 
044 |a PL 
245 1 0 |a Decydowanie w zarzadzaniu  |b problemy, metody, techniki  |c Jerzy Supernat 
264 1 |a Wroclaw  |b Kolonia Limited  |c 1997 
300 |a 144 s. 
610 2 0 |a organizácia 
610 2 0 |a riadenie 
610 2 0 |a rozhodovanie 
610 2 0 |a metódy rozhodovania 
610 2 0 |a modely rozhodovania 
610 2 0 |a kritériá rozhodovania 
100 1 |a Supernat, Jerzy